Quiz o Sealandzie - Statystyki

Ogólne statystyki
  • Ten quiz został rozwiązany 15 razy
  • Średni wynik to 6 z 12
Statystyki odpowiedzi
Pytanie Odpowiedź % Poprawnych
Język urzędowy angielski
100%
Środki transportu, jakimi można dotrzeć do Sealandu Statek|Helikopter
100%
Państwo leżące najbliżej Sealandu Wielka Brytania
80%
Ustrój polityczny monarchia konstytucyjna
70%
Morze na jakim leży Sealand Morze Północne
70%
Rok powstania 1967
60%
Waluta Dolar Sealandzki
50%
Władca Michael Bates
20%
Tłumaczenie "Sealand" na język polski Morski Kraj
20%
Założyciel Sealandu Roy Bates
20%
Jaką nazwę nosi platforma,na której leży Sealand Fort Roughs|Rough Tower
10%
Jak nazywa się tytuł hymnu Sealandu Z morza wolności
10%
Nie znaleziono quizów pasujących do podanych kryteriów
Rozkład punktacji
Procent ludzi z każdym wynikiem
Percentyl według liczby udzielonych odpowiedzi
Twoja historia wyników
Nie rozwiązałeś tego quizu